00543nam a22001217a 4500003000400000005001700004008004100021022002200062040003300084245017800117260011700295300000900412OSt20250228112219.0250228b2015 dr a||||dip|| 001 0 spa d aONLINE: 2409-1553 aCGID0032bspacCGID0032erda aVol. 2 Núm. 1 (2015): Revie - Revista de Investigación y Evaluación Educativac Instituto Dominicano de Evaluación e Investigación de la Calidad Educativa (IDEICE) aSanto Domingo : b Instituto Dominicano de Evaluación e Investigación de la Calidad Educativa (IDEICE)c2015 a73p.